| 000 | 00849nam a22002417a 4500 | ||
|---|---|---|---|
| 001 | 46931 | ||
| 003 | BD-RjUL | ||
| 005 | 20211209054230.0 | ||
| 008 | 160806s1995 bg ||||| |||| 00| 0 ben d | ||
| 020 | _c: TK 250.00 | ||
| 035 | _a(BD-RjUL)47050 | ||
| 040 |
_aBD-RjUL _bben _cBD-RjUL |
||
| 041 | _aben | ||
| 082 |
_223 _a301 _bGOB 1995 |
||
| 100 |
_aগোর, সেনেটর আল _9135649 |
||
| 245 | 1 | 0 |
_aবিপন্ন ধরণী প্রতিবেশ ও মানুষ / _cসেনেটর আল গোর |
| 260 |
_aঢাকা : _bবাংলা একাডেমী, _c১৯৯৫ |
||
| 300 |
_a৪৫১ পৃ. ; _c২১ সেমি. |
||
| 650 |
_aসমাজ _9142954 |
||
| 650 |
_aSociology _9142955 |
||
| 700 |
_aহোসেন, আফতাব, অনুবাদ _9122892 |
||
| 942 |
_2ddc _cBK |
||
| 999 |
_c46931 _d46931 |
||